[Event "DEM U10/U10w 2003"]
[Site "Willingen GER"]
[Date "2003.06.13"]
[Round "9"]
[White "Höfer, Michael"]
[Black "Schmitt, Philipp"]
[Result "1-0"]
[Termination "normal"]
[Board "5"]
[WhiteElo "1003"]
[BlackElo "1458"]
[PlyCount "123"]
[WhiteFideId "24668850"]
[BlackFideId "24641766"]
[EventCountry "GER"]
[EventRounds "11"]
[EventType "swiss"]
[EventDate "2003.06.07"]

1. d4 d5 2. c4 e6 3. Nc3 Nf6 4. Nf3 Be7 5. Bg5 h6 6. Bh4 O-O 7. e3 b6 8. Bd3
Bb7 9. O-O Nbd7 10. h3 c5 11. b3 Rc8 12. Rc1 dxc4 13. bxc4 cxd4 14. exd4 Nh5
15. Bxe7 Qxe7 16. Ne2 Bxf3 17. gxf3 Qh4 18. Kh2 f5 19. Rg1 Qxf2+ 20. Kh1 Qxf3+
21. Kh2 Nf4 22. Nxf4 Qxf4+ 23. Kh1 Qxd4 24. Bxf5 Qxd1 25. Bxe6+ Kh8 26. Rcxd1
Ne5 27. Bxc8 Rxc8 28. Rc1 Rxc4 29. Rxc4 Nxc4 30. Rc1 b5 31. a4 a6 32. axb5 axb5
33. Rb1 Nd6 34. Kg2 Kg8 35. Kf3 Kf7 36. Kg4 Kg6 37. Rd1 Ne4 38. Rg1 Kf6 39. Rb1
Nd6 40. Ra1 Ke5 41. Kh5 Kf4 42. h4 Kg3 43. Rg1+ Kf2 44. Rxg7 b4 45. Rg8 Nf5 46.
Rf8 Ke3 47. Rxf5 Ke4 48. Rb5 b3 49. Rxb3 Kf5 50. Rf3+ Ke6 51. Kxh6 Ke5 52. Kg6
Ke4 53. Rf5 Kd4 54. h5 Ke4 55. h6 Kd4 56. h7 Ke4 57. h8=Q Ke3 58. Qd8 Ke4 59.
Qd5+ Ke3 60. Rf3+ Ke2 61. Qd3+ Ke1 62. Rf1# 1-0

[Event "DEM U10/U10w 2003"]
[Site "Willingen GER"]
[Date "2003.06.13"]
[Round "9"]
[White "Wang, Zhangxian"]
[Black "Blübaum, Johanna"]
[Result "0-1"]
[Termination "normal"]
[Board "7"]
[WhiteElo "1400"]
[BlackElo "1243"]
[PlyCount "122"]
[BlackFideId "24647373"]
[EventCountry "GER"]
[EventRounds "11"]
[EventType "swiss"]
[EventDate "2003.06.07"]

1. e4 e6 2. d4 d5 3. e5 c5 4. c3 Nc6 5. Nf3 Qb6 6. a3 c4 7. Nbd2 Na5 8. Be2 Bd7
9. O-O h6 10. Rb1 O-O-O 11. Qc2 Nb3 12. Nxb3 Qxb3 13. Qxb3 cxb3 14. Bd2 Ne7 15.
Rbc1 Kb8 16. c4 Rc8 17. Bb4 Bc6 18. Bd6+ Ka8 19. Rc3 Nf5 20. Bxf8 Rhxf8 21.
Rfc1 Kb8 22. c5 g5 23. g4 Ne7 24. Rxb3 f5 25. exf6 Rxf6 26. Ne5 Rf4 27. Rd1 Ba4
28. Rbd3 Bxd1 29. Bxd1 Nc6 30. Nxc6+ Rxc6 31. f3 b6 32. Ba4 Rc7 33. b4 bxc5 34.
dxc5 a5 35. Rb3 axb4 36. axb4 Rb7 37. Re3 Rbxb4 38. Bd7 Rb7 39. c6 Rb1+ 40. Kg2
d4 41. Rxe6 d3 42. Rd6 Rb2+ 43. Kg3 d2 44. Rd5 Rc4 45. c7+ Rxc7 46. Ba4 Rc1 47.
Rd3 Ra1 48. Rb3+ Rxb3 49. Bxb3 d1=Q 50. Bxd1 Rxd1 51. h4 gxh4+ 52. Kxh4 Kc7 53.
Kh5 Rh1+ 54. Kg6 Kd6 55. f4 Rf1 56. f5 Ke7 57. Kxh6 Kf6 58. Kh7 Kg5 59. Kg7 Rf4
60. Kf7 Rxg4 61. Ke6 Rf4 0-1

[Event "DEM U10/U10w 2003"]
[Site "Willingen GER"]
[Date "2003.06.13"]
[Round "9"]
[White "Huhnstock, Rico"]
[Black "Wilke, Friedrich"]
[Result "0-1"]
[Termination "normal"]
[Board "8"]
[WhiteElo "1311"]
[BlackElo "1340"]
[PlyCount "74"]
[WhiteFideId "24642932"]
[EventCountry "GER"]
[EventRounds "11"]
[EventType "swiss"]
[EventDate "2003.06.07"]

1. e4 g6 2. Nc3 Bg7 3. d4 c6 4. Nf3 d5 5. e5 Bg4 6. h3 Bxf3 7. Qxf3 e6 8. Ne2
Ne7 9. c3 O-O 10. Bg5 Nd7 11. Ng3 f6 12. exf6 Nxf6 13. Qe3 Nf5 14. Nxf5 exf5
15. Be2 Re8 16. Qd3 Qb6 17. Bxf6 Bxf6 18. Rb1 Re7 19. O-O Rae8 20. Bf3 Re6 21.
b4 Qc7 22. Qd2 Qe7 23. b5 Bg5 24. Qc2 Bf4 25. a4 Qd8 26. g3 Bh6 27. Kg2 c5 28.
Qb3 c4 29. Qc2 f4 30. g4 Kh8 31. Qd2 Qe7 32. Qc2 Qh4 33. Bxd5 Re2 34. Qd1 Qg3+
35. Kh1 Qxh3+ 36. Kg1 f3 37. Bxf3 Bf4 0-1

[Event "DEM U10/U10w 2003"]
[Site "Willingen GER"]
[Date "2003.06.13"]
[Round "9"]
[White "Endreß, Anna"]
[Black "Kartsev, Alexandr"]
[Result "0-1"]
[Termination "normal"]
[Board "9"]
[WhiteElo "1573"]
[BlackElo "1258"]
[PlyCount "128"]
[WhiteFideId "24629472"]
[BlackFideId "24647110"]
[EventCountry "GER"]
[EventRounds "11"]
[EventType "swiss"]
[EventDate "2003.06.07"]

1. e4 d5 2. exd5 Nf6 3. Bb5+ Bd7 4. Bc4 Bg4 5. f3 Bc8 6. Bb5+ Bd7 7. Bxd7+
Nbxd7 8. c4 Nb6 9. d3 e5 10. dxe6 fxe6 11. Ne2 e5 12. Be3 Qd7 13. O-O O-O-O 14.
Bxb6 cxb6 15. Re1 Bc5+ 16. Kh1 Qxd3 17. Qxd3 Rxd3 18. Nbc3 Re8 19. Rad1 Rxd1
20. Rxd1 a6 21. h3 e4 22. fxe4 Nxe4 23. Rf1 Nf2+ 24. Kh2 Rf8 25. Ng3 Bd6 26.
Re1 h5 27. Nce4 g5 28. h4 Nxe4 29. Rxe4 gxh4 30. Rxh4 Rg8 31. Rxh5 Bxg3+ 32.
Kh3 Bd6 33. g4 Kc7 34. Kh4 Be7+ 35. g5 Kd7 36. Kg4 Bf6 37. b3 Bb2 38. Rh7+ Rg7
39. Rxg7+ Bxg7 40. Kf5 Kd6 41. Ke4 Kc5 42. a3 b5 43. cxb5 axb5 44. g6 b6 45.
Ke3 Bb2 46. Kd3 b4 47. a4 b5 48. a5 Kc6 49. Ke4 Kb7 50. Kd5 Ka6 51. Kd6 Kb7 52.
Kc5 Ka6 53. Kxb4 Bg7 54. Ka3 Kxa5 55. b4+ Kb6 56. Kb3 Bd4 57. Kc2 Kc6 58. Kd2
Kd6 59. Kc2 Ke6 60. Kd2 Kf6 61. Kd3 Be5 62. Ke3 Bc3 63. Kd3 Bxb4 64. Kc2 Bc5
0-1

[Event "DEM U10/U10w 2003"]
[Site "Willingen GER"]
[Date "2003.06.13"]
[Round "9"]
[White "Zivkovic, Djordje"]
[Black "Friedrich, Wiede"]
[Result "0-1"]
[Termination "normal"]
[Board "11"]
[WhiteElo "1259"]
[BlackElo "1431"]
[PlyCount "104"]
[BlackFideId "24629537"]
[EventCountry "GER"]
[EventRounds "11"]
[EventType "swiss"]
[EventDate "2003.06.07"]

1. e4 c6 2. Nf3 d5 3. exd5 cxd5 4. d4 Bf5 5. Nc3 e6 6. a3 Bd6 7. Be3 a6 8. Bd3
Bxd3 9. cxd3 Nd7 10. O-O Ngf6 11. Rc1 O-O 12. Qd2 Rc8 13. Na2 Qb6 14. Rxc8 Rxc8
15. Rc1 Rxc1+ 16. Qxc1 h6 17. Ne5 Qb3 18. Nxd7 Nxd7 19. Nc3 b5 20. g3 a5 21.
Kg2 b4 22. Nb5 Bf8 23. Qc7 bxa3 24. Nxa3 Qxb2 25. Bc1 Qa1 26. Be3 Qxa3 27. Qxd7
Qxd3 28. Qa4 Qc3 29. Kf3 f6 30. Qd7 Qb3 31. Qxe6+ Kh8 32. Kf4 a4 33. Bc1 a3 34.
Bxa3 Qxa3 35. Qxd5 Qb2 36. Kf3 Qb1 37. Qd8 Qb4 38. Qd5 Qd6 39. Ke4 Qa6 40. Kf3
Qd3+ 41. Kg2 Ba3 42. Qd8+ Kh7 43. d5 Bc5 44. f4 Qe2+ 45. Kh3 f5 46. Qd7 Qf1+
47. Kh4 Qd3 48. Kh3 Bd4 49. Kg2 Qe2+ 50. Kh3 Qf1+ 51. Kh4 Bf6+ 52. Kh5 Qh3# 0-1

[Event "DEM U10/U10w 2003"]
[Site "Willingen GER"]
[Date "2003.06.13"]
[Round "9"]
[White "Osmanodja, Bilgin"]
[Black "Osmanodja, Filiz"]
[Result "1/2-1/2"]
[Termination "normal"]
[Board "12"]
[WhiteElo "1330"]
[BlackElo "1051"]
[PlyCount "54"]
[BlackFideId "24633569"]
[EventCountry "GER"]
[EventRounds "11"]
[EventType "swiss"]
[EventDate "2003.06.07"]

1. e4 e5 2. Nf3 Nc6 3. Bb5 a6 4. Ba4 Nf6 5. O-O Be7 6. Nc3 O-O 7. d4 exd4 8.
Nxd4 Nxd4 9. Qxd4 b5 10. Bb3 c5 11. Qe3 d6 12. Bd5 Nxd5 13. Nxd5 Bg5 14. Qg3
Bxc1 15. Raxc1 Bb7 16. b3 Bxd5 17. exd5 Qf6 18. c4 b4 19. Rfe1 Rfe8 20. Rxe8+
Rxe8 21. Qd3 Qb2 22. Qb1 Qxb1 23. Rxb1 Re2 24. Ra1 a5 25. Kf1 Re7 26. Re1 Rxe1+
27. Kxe1 Kf8 1/2-1/2

[Event "DEM U10/U10w 2003"]
[Site "Willingen GER"]
[Date "2003.06.13"]
[Round "9"]
[White "Weber, Raphael"]
[Black "Rafayevych, Wilen"]
[Result "1/2-1/2"]
[Termination "normal"]
[Board "13"]
[WhiteElo "1250"]
[BlackElo "1301"]
[PlyCount "62"]
[WhiteFideId "24644110"]
[EventCountry "GER"]
[EventRounds "11"]
[EventType "swiss"]
[EventDate "2003.06.07"]

1. e4 c5 2. Nf3 Nc6 3. d4 cxd4 4. Nxd4 e5 5. Nb5 d6 6. c4 a6 7. N5a3 Nf6 8. Nc3
Be7 9. Be2 O-O 10. O-O Nd4 11. Nc2 Nxe2+ 12. Qxe2 Qd7 13. Ne3 Qc6 14. Ned5 Nxd5
15. Nxd5 Bd8 16. b3 Be6 17. Qf3 Bxd5 18. cxd5 Qd7 19. Qg3 Kh8 20. f4 Bb6+ 21.
Kh1 exf4 22. Rxf4 Bd4 23. Rb1 Be5 24. Bb2 Bxb2 25. Rxb2 Rac8 26. Rbf2 Rc1+ 27.
Rf1 Rxf1+ 28. Rxf1 f6 29. e5 dxe5 30. Qxe5 h6 31. Qd4 Rd8 1/2-1/2

[Event "DEM U10/U10w 2003"]
[Site "Willingen GER"]
[Date "2003.06.13"]
[Round "9"]
[White "Braun, Viktoria"]
[Black "Specht, Christian"]
[Result "0-1"]
[Termination "normal"]
[Board "14"]
[WhiteElo "1088"]
[BlackElo "1327"]
[PlyCount "150"]
[BlackFideId "24647985"]
[EventCountry "GER"]
[EventRounds "11"]
[EventType "swiss"]
[EventDate "2003.06.07"]

1. e4 c5 2. f4 e6 3. Nc3 a6 4. Nf3 Nc6 5. b3 b5 6. a3 Bb7 7. d4 cxd4 8. Nxd4
Bc5 9. Be3 d6 10. Nxc6 Bxc6 11. Bxc5 dxc5 12. Bd3 Nf6 13. Qe2 Qd4 14. Qd2 b4
15. a4 Qxc3 16. Qxc3 bxc3 17. e5 Nd5 18. Be4 Nb4 19. Bxc6+ Nxc6 20. O-O O-O 21.
Rf3 Nd4 22. Rf2 Rad8 23. Kf1 Rd5 24. Re1 Rfd8 25. Rc1 Nf5 26. Rf3 Rd1+ 27. Rxd1
Rxd1+ 28. Ke2 Rc1 29. Rxc3 Nd4+ 30. Kd3 Rd1+ 31. Ke3 Nf5+ 32. Ke2 Rd5 33. b4 g6
34. bxc5 Rd8 35. c6 Ne7 36. c7 Rc8 37. Kd3 Nd5 38. Rc6 Rxc7 39. Rxc7 Nxc7 40.
c4 Kf8 41. Kd4 Ke7 42. g4 Kd7 43. Kc5 h6 44. h4 Na8 45. a5 Kc7 46. h5 gxh5 47.
gxh5 Kd7 48. Kd4 Kc6 49. Kc3 Kc5 50. Kb3 Nc7 51. Kc3 Ne8 52. Kd3 Ng7 53. Kc3
Nxh5 54. Kd3 Nxf4+ 55. Ke3 Ng6 56. Ke4 Kxc4 57. Kf3 Nxe5+ 58. Kf4 Kb5 59. Kxe5
Kxa5 60. Kf6 Kb5 61. Ke5 Kc5 62. Ke4 a5 63. Ke5 a4 64. Kf6 e5 65. Kxe5 a3 66.
Kf5 a2 67. Kf6 a1=Q+ 68. Kf5 Qg7 69. Ke4 Qg5 70. Kd3 Qf4 71. Kc3 Qf3+ 72. Kd2
Kc4 73. Kc2 Qf2+ 74. Kc1 Kc3 75. Kd1 Qd2# 0-1

[Event "DEM U10/U10w 2003"]
[Site "Willingen GER"]
[Date "2003.06.13"]
[Round "9"]
[White "Berchtenbreiter, Maximilian"]
[Black "Lerch, Matthias"]
[Result "1/2-1/2"]
[Termination "normal"]
[Board "15"]
[WhiteElo "1282"]
[BlackElo "1150"]
[PlyCount "28"]
[WhiteFideId "24641120"]
[BlackFideId "24662151"]
[EventCountry "GER"]
[EventRounds "11"]
[EventType "swiss"]
[EventDate "2003.06.07"]

1. e4 e6 2. d4 d5 3. e5 c5 4. c3 Nc6 5. Nf3 Qb6 6. b3 f6 7. Bb2 cxd4 8. cxd4
fxe5 9. Nxe5 Nxe5 10. dxe5 Bc5 11. Qf3 Ne7 12. Be2 Nf5 13. O-O O-O 14. Qd3 Bd7
1/2-1/2

[Event "DEM U10/U10w 2003"]
[Site "Willingen GER"]
[Date "2003.06.13"]
[Round "9"]
[White "Pantusenko, Valeria"]
[Black "Dünzel, Jonas"]
[Result "1-0"]
[Termination "normal"]
[Board "16"]
[WhiteElo "1170"]
[BlackElo "1230"]
[PlyCount "71"]
[WhiteFideId "4662920"]
[BlackFideId "24631167"]
[EventCountry "GER"]
[EventRounds "11"]
[EventType "swiss"]
[EventDate "2003.06.07"]

1. e4 c5 2. Nf3 d6 3. d4 cxd4 4. Qxd4 Bd7 5. Bc4 Nc6 6. Qd3 g6 7. Bd2 Bg7 8.
Bc3 Nf6 9. Ng5 Ne5 10. Bxe5 dxe5 11. Bxf7+ Kf8 12. Qb3 Rb8 13. Be6 Be8 14. Bd7
Qxd7 15. Ne6+ Kg8 16. Nc5+ Bf7 17. Nxd7 Bxb3 18. Nxf6+ exf6 19. axb3 a6 20. O-O
Rc8 21. c3 Kf7 22. Rd1 Rhd8 23. Na3 Bf8 24. Nc4 Bc5 25. b4 Ba7 26. Nd6+ Rxd6
27. Rxd6 Ke7 28. Rad1 Bb8 29. Rd7+ Ke6 30. Rxb7 h6 31. Rb6+ Ke7 32. Rxa6 Rc4
33. f3 Rc7 34. Rdd6 Rxc3 35. Re6+ Kd7 36. bxc3 1-0

[Event "DEM U10/U10w 2003"]
[Site "Willingen GER"]
[Date "2003.06.13"]
[Round "9"]
[White "Schäfer, Simon"]
[Black "Cornish, Alexander Athony"]
[Result "1/2-1/2"]
[Termination "normal"]
[Board "18"]
[WhiteElo "1059"]
[BlackElo "1219"]
[PlyCount "165"]
[EventCountry "GER"]
[EventRounds "11"]
[EventType "swiss"]
[EventDate "2003.06.07"]

1. d4 d5 2. c4 e6 3. Nc3 Nf6 4. Bg5 Be7 5. Nf3 h6 6. Bh4 Nc6 7. cxd5 exd5 8. e3
Bg4 9. Be2 Bb4 10. a3 Be7 11. O-O O-O 12. b4 a6 13. Qb3 Be6 14. Rfc1 Re8 15.
Qc2 Nd7 16. Bxe7 Qxe7 17. Na4 Rac8 18. Nc5 Nxc5 19. Qxc5 Qxc5 20. bxc5 Ne7 21.
h3 Ra8 22. Rab1 Reb8 23. Ne5 f6 24. Nf3 b5 25. cxb6 Rxb6 26. Rxb6 cxb6 27. Rb1
b5 28. Nd2 Bf5 29. Rc1 Rc8 30. Rxc8+ Nxc8 31. Nb3 Nd6 32. Nc5 a5 33. Bf3 Be4
34. Nxe4 dxe4 35. Be2 b4 36. axb4 axb4 37. Bd1 Kf7 38. Bb3+ Ke7 39. Kf1 Kd7 40.
Ke2 Kc6 41. Kd2 Kb5 42. Kc2 Nf5 43. Bd5 Nd6 44. Bb3 Kc6 45. f3 f5 46. g4 exf3
47. Kd2 fxg4 48. hxg4 Ne4+ 49. Ke1 f2+ 50. Ke2 f1=Q+ 51. Kxf1 Nd2+ 52. Ke2 Nxb3
53. Kd3 Na5 54. e4 Kd7 55. e5 Nc6 56. Kc4 b3 57. Kxb3 Nxd4+ 58. Kc4 Nf3 59. Kd5
g6 60. e6+ Ke7 61. Ke4 Ng5+ 62. Kf4 Nxe6+ 63. Ke5 Ng5 64. Kf4 Ke6 65. Kg3 Ke5
66. Kh4 Ne4 67. Kh3 Kf4 68. Kh4 Nf6 69. g5 hxg5+ 70. Kh3 Ne4 71. Kg2 Kg4 72.
Kh2 Ng3 73. Kg2 Kh4 74. Kf2 Kh3 75. Kg1 Ne2+ 76. Kh1 Nd4 77. Kg1 g4 78. Kh1 Nf5
79. Kg1 Ng3 80. Kf2 Kh2 81. Ke3 Kg2 82. Kf4 Nf1 83. Kxg4 1/2-1/2

[Event "DEM U10/U10w 2003"]
[Site "Willingen GER"]
[Date "2003.06.13"]
[Round "9"]
[White "Boos, Philipp"]
[Black "Mohr, Fides"]
[Result "0-1"]
[Termination "normal"]
[Board "20"]
[WhiteElo "1414"]
[BlackElo "1161"]
[PlyCount "72"]
[EventCountry "GER"]
[EventRounds "11"]
[EventType "swiss"]
[EventDate "2003.06.07"]

1. d4 d5 2. c4 e6 3. Nc3 Nf6 4. cxd5 exd5 5. Bg5 Be7 6. Nf3 Nbd7 7. e3 O-O 8.
Bd3 c6 9. O-O h6 10. Bf4 Qb6 11. b3 Re8 12. Bc2 Bb4 13. Qd3 Qa6 14. Ne2 Ne4 15.
a3 Be7 16. b4 Qb6 17. Nd2 Nef6 18. f3 Nf8 19. e4 dxe4 20. fxe4 Be6 21. Be5 Ng4
22. Bf4 Rad8 23. Qg3 Ng6 24. Bc7 Qb5 25. Bd3 Qg5 26. Bf4 Nxf4 27. Qxf4 Qxf4 28.
Rxf4 Bg5 29. Nf3 Bxf4 30. Nxf4 Nf6 31. Re1 Bg4 32. e5 Bxf3 33. gxf3 Rxd4 34.
Kf1 Rxf4 35. exf6 Rxe1+ 36. Kxe1 Rxf6 0-1

[Event "DEM U10/U10w 2003"]
[Site "Willingen GER"]
[Date "2003.06.13"]
[Round "9"]
[White "Wapenhans, Martin"]
[Black "Begeluri, Nino"]
[Result "0-1"]
[Termination "normal"]
[Board "21"]
[WhiteElo "1288"]
[BlackElo "1152"]
[PlyCount "142"]
[EventCountry "GER"]
[EventRounds "11"]
[EventType "swiss"]
[EventDate "2003.06.07"]

1. e4 c5 2. Nf3 Nc6 3. Nc3 d6 4. Bc4 e5 5. O-O Be6 6. Bxe6 fxe6 7. d3 h6 8. Ne1
Nf6 9. f4 exf4 10. Bxf4 e5 11. Be3 a6 12. Nd5 Nxd5 13. exd5 Ne7 14. c4 b5 15.
b3 Nc8 16. Qh5+ Kd7 17. Rf7+ Ne7 18. Bg5 Rg8 19. Qg4+ Ke8 20. Bxe7 Bxe7 21.
Rxg7 Rxg7 22. Qxg7 Bf8 23. Qg6+ Kd7 24. Qe6+ Kc7 25. Nf3 Qe7 26. Qxe7+ Bxe7 27.
Re1 Rf8 28. a3 Rf4 29. g3 Rxf3 30. Rd1 bxc4 31. bxc4 Kb6 32. Kg2 Rf6 33. Rf1
Rxf1 34. Kxf1 Ka5 35. h4 Ka4 36. Kf2 Kxa3 37. Kf3 Kb3 38. Kg4 a5 39. Kh5 a4 40.
Kxh6 a3 41. h5 a2 42. g4 a1=Q 43. g5 Bxg5+ 44. Kxg5 Qg1+ 45. Kh6 Qe3+ 46. Kg6
Qxd3+ 47. Kg5 Qxc4 48. h6 Qxd5 49. h7 e4+ 50. Kg6 e3 51. h8=Q Qg2+ 52. Kf7 e2
53. Qb8+ Kc4 54. Qb2 Qd5+ 55. Kg7 e1=Q 56. Qa2+ Kd4 57. Qb2+ Qc3 58. Qf2+ Kc4+
59. Kh6 Qdd2+ 60. Qxd2 Qxd2+ 61. Kh5 Qg2 62. Kh4 Kd4 63. Kh5 Qg3 64. Kh6 Qg4
65. Kh7 Qg5 66. Kh8 Ke5 67. Kh7 Qh5+ 68. Kg7 Kf5 69. Kf8 Qh7 70. Ke8 Ke6 71.
Kf8 Qf7# 0-1

[Event "DEM U10/U10w 2003"]
[Site "Willingen GER"]
[Date "2003.06.13"]
[Round "9"]
[White "Dorn, Carina"]
[Black "Dürre, Gregor"]
[Result "0-1"]
[Termination "normal"]
[Board "23"]
[WhiteElo "1124"]
[BlackElo "1208"]
[PlyCount "60"]
[WhiteFideId "24666335"]
[EventCountry "GER"]
[EventRounds "11"]
[EventType "swiss"]
[EventDate "2003.06.07"]

1. d4 e5 2. dxe5 Nc6 3. Nf3 Qe7 4. Bf4 Qb4+ 5. Nbd2 Qxf4 6. e3 Qh6 7. Bd3 d6 8.
exd6 Bxd6 9. Qe2 Bg4 10. h3 Nge7 11. O-O-O Bd7 12. g4 g6 13. Rdg1 Qf8 14. h4
O-O-O 15. Nd4 Nxd4 16. exd4 Nc6 17. Re1 Re8 18. Qf3 Nxd4 19. Qg2 Bc6 20. f3 Bf4
21. Ref1 Re3 22. Kb1 Qe7 23. a3 Re8 24. g5 Bd5 25. b3 Qxa3 26. Qg4+ Ne6 27. Bc4
Be5 28. c3 Bxc3 29. Kc2 Qb2+ 30. Kd1 Qxd2# 0-1

[Event "DEM U10/U10w 2003"]
[Site "Willingen GER"]
[Date "2003.06.13"]
[Round "9"]
[White "Mertens, Fridolin"]
[Black "Mirke, Roy"]
[Result "1-0"]
[Termination "normal"]
[Board "24"]
[WhiteElo "1205"]
[BlackElo "855"]
[PlyCount "69"]
[WhiteFideId "24671940"]
[BlackFideId "24647306"]
[EventCountry "GER"]
[EventRounds "11"]
[EventType "swiss"]
[EventDate "2003.06.07"]

1. e4 d5 2. exd5 Qxd5 3. Nc3 Qa5 4. d4 c6 5. Bc4 Bf5 6. Nge2 Nf6 7. Ng3 Bg6 8.
O-O e6 9. f4 Nbd7 10. Bd2 Qc7 11. f5 exf5 12. Qe2+ Be7 13. Rae1 Qd6 14. Bf4
Qxd4+ 15. Kh1 Qc5 16. Na4 Qb4 17. c3 Qd6 18. Bxd6 O-O 19. Bxe7 Rfe8 20. Qd2 Nb6
21. Nxb6 axb6 22. Nxf5 Bxf5 23. Rxf5 b5 24. Bb3 Ng4 25. Bxf7+ Kh8 26. Bxe8 Rxe8
27. Qd7 Nf6 28. Rxf6 gxf6 29. Qxe8+ Kg7 30. Bxf6+ Kxf6 31. Re3 b4 32. Qf8+ Kg6
33. Rg3+ Kh5 34. Qf5+ Kh6 35. Qg5# 1-0

[Event "DEM U10/U10w 2003"]
[Site "Willingen GER"]
[Date "2003.06.13"]
[Round "9"]
[White "Oat, Daniela"]
[Black "Wallenborn, Michael"]
[Result "1-0"]
[Termination "normal"]
[Board "27"]
[WhiteElo "850"]
[BlackElo "1243"]
[PlyCount "77"]
[EventCountry "GER"]
[EventRounds "11"]
[EventType "swiss"]
[EventDate "2003.06.07"]

1. e4 e5 2. Nf3 Nc6 3. Bc4 Bc5 4. Nc3 Nf6 5. d3 d6 6. Be3 Bb6 7. Qd2 Be6 8. Bg5
h6 9. Bh4 g5 10. Bg3 Qd7 11. O-O-O O-O-O 12. Nd5 Bxd5 13. Bxd5 Nxd5 14. exd5
Nd4 15. Nxd4 Bxd4 16. h4 gxh4 17. Bxh4 Rdg8 18. Rhg1 Qb5 19. b3 Qc5 20. c4 Qa3+
21. Kb1 Rg4 22. Bf6 Rhg8 23. g3 R8g6 24. Bh4 f5 25. Rh1 Rg8 26. Rc1 h5 27. Rc2
R8g7 28. Qh6 c6 29. Qe6+ Kc7 30. Qf6 Rg8 31. Qe6 R4g6 32. Qxf5 cxd5 33. cxd5+
Kb6 34. Qd7 R6g7 35. Bd8+ Ka6 36. Qc8 Qb4 37. Rc4 Qd2 38. Ra4+ Kb5 39. Qc4# 1-0

[Event "DEM U10/U10w 2003"]
[Site "Willingen GER"]
[Date "2003.06.13"]
[Round "9"]
[White "Gheng, Hannelore"]
[Black "Matschewsky, Justus"]
[Result "1-0"]
[Termination "normal"]
[Board "28"]
[WhiteElo "1192"]
[BlackElo "880"]
[PlyCount "137"]
[BlackFideId "24678708"]
[EventCountry "GER"]
[EventRounds "11"]
[EventType "swiss"]
[EventDate "2003.06.07"]

1. e4 e5 2. Nf3 Nc6 3. Bb5 d6 4. O-O Nf6 5. d4 Bd7 6. Nc3 Be7 7. Bg5 O-O 8. h3
Rc8 9. Re1 exd4 10. Nxd4 Nxd4 11. Qxd4 Bxb5 12. Nxb5 a6 13. Nc3 Nh5 14. Bxe7
Qxe7 15. Nd5 Qe6 16. e5 c5 17. Qe4 Rfe8 18. Nb6 Rcd8 19. Qh4 g6 20. exd6 Qxd6
21. Nc4 Qf6 22. Qxf6 Nxf6 23. Rxe8+ Rxe8 24. Nd6 Re7 25. c4 Ne4 26. Re1 f5 27.
f3 Rd7 28. Nxe4 fxe4 29. Rxe4 Rd2 30. b3 Rxa2 31. Re7 b5 32. Rc7 bxc4 33. bxc4
a5 34. Rxc5 a4 35. Rc8+ Kf7 36. c5 a3 37. c6 Ra1+ 38. Kh2 Rc1 39. Ra8 Rxc6 40.
Rxa3 h5 41. g3 Kf6 42. f4 Kf5 43. Ra4 Rc2+ 44. Kg1 Rc3 45. Kf2 Rc2+ 46. Kf3
Rc3+ 47. Kg2 Rc2+ 48. Kf3 Rc3+ 49. Kf2 Rc2+ 50. Ke1 Rg2 51. Ra5+ Kf6 52. Rc5
Rh2 53. h4 Rg2 54. Kf1 Rh2 55. Re5 Rb2 56. Re2 Rxe2 57. Kxe2 Kf5 58. Kf3 Kf6
59. g4 hxg4+ 60. Kxg4 Kg7 61. Kg5 Kh7 62. h5 gxh5 63. Kxh5 Kg8 64. Kg6 Kf8 65.
Kf6 Kg8 66. f5 Kf8 67. Ke6 Ke8 68. f6 Kf8 69. f7 1-0

[Event "DEM U10/U10w 2003"]
[Site "Willingen GER"]
[Date "2003.06.13"]
[Round "9"]
[White "Döll, Laurien"]
[Black "Spangenberg, Pia"]
[Result "1-0"]
[Termination "normal"]
[Board "29"]
[WhiteElo "1155"]
[BlackElo "1089"]
[PlyCount "113"]
[BlackFideId "4627989"]
[EventCountry "GER"]
[EventRounds "11"]
[EventType "swiss"]
[EventDate "2003.06.07"]

1. e4 e5 2. d4 exd4 3. Qxd4 Nc6 4. Qe3 Nf6 5. Nc3 Be7 6. Bd2 d5 7. exd5 Nxd5 8.
Qf3 Be6 9. Bc4 Nxc3 10. Bxe6 fxe6 11. Bxc3 Bf6 12. Bxf6 Qxf6 13. Qxf6 gxf6 14.
O-O-O Ne5 15. f3 Rd8 16. Rxd8+ Kxd8 17. Ne2 Ke7 18. h3 Rg8 19. Rg1 Kf7 20. f4
Ng6 21. Rd1 Ke7 22. g4 c6 23. f5 exf5 24. gxf5 Nh4 25. Re1 Kd6 26. Rd1+ Kc7 27.
Nd4 Rd8 28. Ne6+ Kb6 29. Nxd8 Nxf5 30. Rf1 Nd4 31. Rxf6 Ne2+ 32. Kd2 Ng3 33.
Rf7 Ne4+ 34. Ke1 Ng5 35. Rxb7+ Ka6 36. Rg7 Nxh3 37. Rxh7 Ng5 38. Rh6 Nf3+ 39.
Kf2 Nd4 40. Nxc6 Nxc2 41. Nd4+ Kb7 42. Nxc2 Kc7 43. b4 Kb7 44. a4 Kc7 45. a5
Kb7 46. Ke3 Kc7 47. Kd4 Kb7 48. Kc5 Kc7 49. Rh7+ Kd8 50. Kd6 Ke8 51. Rd7 Kf8
52. Ke6 Kg8 53. b5 Kf8 54. b6 axb6 55. axb6 Kg8 56. b7 Kf8 57. b8=R# 1-0

[Event "DEM U10/U10w 2003"]
[Site "Willingen GER"]
[Date "2003.06.13"]
[Round "9"]
[White "Khitov, Roman"]
[Black "Spangenberg, Romy"]
[Result "1/2-1/2"]
[Termination "normal"]
[Board "35"]
[WhiteElo "948"]
[BlackElo "833"]
[PlyCount "82"]
[BlackFideId "4627997"]
[EventCountry "GER"]
[EventRounds "11"]
[EventType "swiss"]
[EventDate "2003.06.07"]

1. e4 e5 2. Nf3 Nc6 3. d4 exd4 4. Nxd4 Bc5 5. Nxc6 bxc6 6. Nc3 d6 7. Bc4 Nf6 8.
Bg5 h6 9. Bh4 Be6 10. Bxe6 fxe6 11. Qe2 O-O 12. e5 dxe5 13. Qxe5 Qc8 14. Qxe6+
Kh8 15. Qxc6 Rb8 16. b3 Bb4 17. O-O Rb6 18. Qc4 Be7 19. Bxf6 Bxf6 20. Rad1 Qe8
21. Nd5 Rc6 22. Nxc7 Rxc4 23. Nxe8 Rxc2 24. Nxf6 Rxf6 25. a4 Rb6 26. Rd7 Ra6
27. h4 Rb2 28. Rb7 Rxa4 29. bxa4 Rxb7 30. g3 Rb4 31. Ra1 a5 32. Kg2 Kh7 33. Kf3
g5 34. hxg5 hxg5 35. Ke3 Kh6 36. Kd3 Rb2 37. f3 Rb3+ 38. Ke2 g4 39. Rf1 Kg5 40.
f4+ Kf5 41. Kf2 Ra3 1/2-1/2

[Event "DEM U10/U10w 2003"]
[Site "Willingen GER"]
[Date "2003.06.13"]
[Round "9"]
[White "Muschak, Theresia"]
[Black "Baisakow, Christine"]
[Result "1/2-1/2"]
[Termination "normal"]
[Board "38"]
[WhiteElo "860"]
[BlackElo "1060"]
[PlyCount "78"]
[BlackFideId "24680052"]
[EventCountry "GER"]
[EventRounds "11"]
[EventType "swiss"]
[EventDate "2003.06.07"]

1. e4 e6 2. Nf3 d5 3. Nc3 Nf6 4. d3 h6 5. Be2 Nc6 6. Be3 Bd6 7. Qd2 Bd7 8. Bf4
Qe7 9. e5 Bc5 10. d4 Ne4 11. Nxe4 dxe4 12. dxc5 exf3 13. Bxf3 Qxc5 14. c3 Nxe5
15. Qd4 Nxf3+ 16. gxf3 Qxd4 17. cxd4 Bc6 18. Rg1 Bxf3 19. Rxg7 Rf8 20. Bxc7 Rc8
21. Bd6 Rh8 22. Be5 Rc2 23. Rg3 Bh5 24. Bxh8 Re2+ 25. Kf1 Rxb2 26. Rc1 Rxa2 27.
Rc7 Bg6 28. Rxb7 Bh7 29. Rg7 Bd3+ 30. Kg2 Be4+ 31. Kg3 Bxb7 32. Rh7 a5 33. Rxh6
a4 34. Rh5 a3 35. Ra5 Kd7 36. Bg7 Kc6 37. Bf8 Ra1 38. Rxa3 Rxa3+ 39. Bxa3 Kd5
1/2-1/2

[Event "DEM U10/U10w 2003"]
[Site "Willingen GER"]
[Date "2003.06.13"]
[Round "9"]
[White "Wild, Katharina"]
[Black "Stitterich, Nadine"]
[Result "1-0"]
[Termination "normal"]
[Board "39"]
[WhiteElo "1063"]
[BlackElo "890"]
[PlyCount "83"]
[WhiteFideId "24678015"]
[BlackFideId "24676527"]
[EventCountry "GER"]
[EventRounds "11"]
[EventType "swiss"]
[EventDate "2003.06.07"]

1. c4 Nf6 2. Nc3 e5 3. d3 g6 4. Nf3 d6 5. g3 Bg7 6. Bg2 O-O 7. O-O Nbd7 8. Bd2
b6 9. Nxe5 Rb8 10. Nc6 Qe8 11. Nxb8 Nxb8 12. Nb5 Na6 13. Nxa7 Bd7 14. Nb5 Bxb5
15. cxb5 Nb8 16. a4 c6 17. Bf4 Qd7 18. bxc6 Nxc6 19. Rb1 Ne7 20. b4 d5 21. a5
bxa5 22. bxa5 Qa7 23. Bd6 Re8 24. Qa4 Kf8 25. a6 Qd7 26. Qxd7 Nxd7 27. Bxd5 Kg8
28. Bg2 Nc8 29. Bb8 Nxb8 30. Rxb8 Nd6 31. Rxe8+ Nxe8 32. a7 Nc7 33. Rb1 Be5 34.
Rb7 Kf8 35. Rxc7 Bxc7 36. a8=Q+ Kg7 37. Bd5 Bd6 38. Qb7 Kh6 39. Qxf7 Kh5 40.
Qxh7+ Kg4 41. Qxg6+ Kh3 42. Bg2# 1-0